| 000 | 00511nam a2200181Ia 4500 | ||
|---|---|---|---|
| 001 | 11503 | ||
| 005 | 20260306162833.0 | ||
| 008 | 260306t1981||||xx |||||||||||||| ||spa|| | ||
| 041 | _aESP | ||
| 082 |
_a985.061 _bT88A |
||
| 100 |
_aTudela Ch., Alejandro _eAUT |
||
| 245 | 0 |
_aAlfonso Ugarte Vernal. el hombre y el héroe: _bobra premiada en concurso a nivel de estudiantes universitarios |
|
| 260 | _c1981 | ||
| 300 |
_a52 páginas : _c21 cm. |
||
| 650 | _aGEN | ||
| 654 | _aCHU | ||
| 942 |
_cLIB _dJUS _fJUS _2ddc _n |
||
| 999 |
_c11503 _d11503 |
||